00582nam a2200181 a 450000100060000000300090000600800410001504000280005608200140008410000370009824500310013526000370016630000080020349000210021150501220023265000210035465000250037522544CO-ViMGA141112s2004 ck r 000 u spa d aCO-ViMGAbspacCO-ViMGA04a752 G817c1 aGuasch Gemma, Asunción Josep, 10aColor : bpintura creativa aBarcelona : bParramón, c2004 a159 aPintura Creativa aEl color en el lenguaje pictórico 6 - 20 - - El color de la naturaleza 22 - 40 - - El color del bodegón 48 - 66 14aCOLOR EN EL ARTE14aPINTURA - TECNíCAS